[Event "HUN-chT2 Toth 1718"]
[Site "Hungary"]
[Date "2018.05.06"]
[Round "11.5"]
[White "Szijarto, Csaba"]
[Black "Linczer, Janos"]
[Result "1/2-1/2"]
[WhiteElo "2056"]
[BlackElo "2088"]
[PlyCount "36"]
[EventDate "2017.09.24"]
[EventType "team-tourn"]
[EventRounds "11"]
[EventCountry "HUN"]
[SourceTitle "EXT 2021"]
[Source "ChessBase"]
[SourceDate "2020.10.23"]
[SourceVersion "1"]
[SourceVersionDate "2020.10.23"]
[SourceQuality "1"]
[WhiteTeam "Ujszasz"]
[BlackTeam "Szeged Maroczy II"]
[WhiteTeamCountry "HUN"]
[BlackTeamCountry "HUN"]

1. e4 e5 2. Nf3 Nc6 3. d4 exd4 4. Bc4 Be7 5. Nxd4 Ne5 6. Be2 d6 7. f4 Ng6 8. 0-0 Nf6 9. Nc3 0-0 10. Qd3 a6 11. Bd2 c5 12. Nf5 Re8 13. Bf3 Bf8 14. Rae1 Qb6 15. Kh1 Be6 16. b3 Rad8 17. g3 Ne7 18. Nxe7+ Bxe7 1/2-1/2

[Event "HUN-chT2 Toth 1617"]
[Site "Hungary"]
[Date "2016.12.11"]
[Round "6.5"]
[White "Lovas, Peter"]
[Black "Szijarto, Csaba"]
[Result "0-1"]
[WhiteElo "1830"]
[BlackElo "2099"]
[PlyCount "66"]
[EventDate "2016.09.25"]
[EventType "team-tourn"]
[EventRounds "11"]
[EventCountry "HUN"]
[SourceTitle "EXT 2021"]
[Source "ChessBase"]
[SourceDate "2020.10.23"]
[SourceVersion "1"]
[SourceVersionDate "2020.10.23"]
[SourceQuality "1"]
[WhiteTeam "Nadudvar"]
[BlackTeam "Ujszasz"]
[WhiteTeamCountry "HUN"]
[BlackTeamCountry "HUN"]

1. e4 Nc6 2. Nf3 Nf6 3. d3 e5 4. g3 d5 5. exd5 Nxd5 6. Bg2 Bg4 7. Nbd2 Qd7 8. h3 Bf5 9. g4 Nf4 10. Nh4 Nxg2+ 11. Nxg2 Be6 12. Ne3 0-0-0 13. Ne4 Be7 14. Ng3 g6 15. Bd2 f5 16. gxf5 gxf5 17. Ngxf5 Bxf5 18. Nxf5 Qxf5 19. Qg4 Qxg4 20. hxg4 Rdg8 21. f3 h5 22. gxh5 Rxh5 23. 0-0-0 Rxh1 24. Rxh1 Nd4 25. f4 exf4 26. Kd1 f3 27. c3 Nf5 28. Rf1 Nh4 29. d4 Rg2 30. Ke1 Bg5 31. Bxg5 Rxg5 32. Rf2 Rg1+ 33. Kd2 Rg2 0-1

[Event "HUN-chT2 Toth 1617"]
[Site "Hungary"]
[Date "2016.11.27"]
[Round "5.5"]
[White "Szijarto, Csaba"]
[Black "Pal, Imre"]
[Result "1/2-1/2"]
[WhiteElo "2099"]
[BlackElo "2125"]
[PlyCount "89"]
[EventDate "2016.09.25"]
[EventType "team-tourn"]
[EventRounds "11"]
[EventCountry "HUN"]
[SourceTitle "EXT 2021"]
[Source "ChessBase"]
[SourceDate "2020.10.23"]
[SourceVersion "1"]
[SourceVersionDate "2020.10.23"]
[SourceQuality "1"]
[WhiteTeam "Ujszasz"]
[BlackTeam "Kecskemet Toth Laszlo II"]
[WhiteTeamCountry "HUN"]
[BlackTeamCountry "HUN"]

1. e4 c5 2. Nf3 d6 3. d4 cxd4 4. Nxd4 Nf6 5. Nc3 a6 6. Be2 e5 7. Nb3 Be6 8. 0-0 Be7 9. Re1 0-0 10. Bf1 Nbd7 11. Nd5 Nxd5 12. exd5 Bf5 13. c4 Bg5 14. Bxg5 Qxg5 15. Na5 Rab8 16. Re3 Qd8 17. b4 Bg6 18. Rc1 f5 19. Rec3 f4 20. Nb3 Nf6 21. c5 Bf7 22. c6 Qb6 23. cxb7 Bxd5 24. Bc4 Bxc4 25. Rxc4 d5 26. Rc6 Qxb7 27. a3 Rbc8 28. Na5 Qa8 29. Qf1 Rxc6 30. Rxc6 Rc8 31. Rxa6 Qxa6 32. Qxa6 Rc1+ 33. Qf1 Rxf1+ 34. Kxf1 Kf7 35. Ke2 Ke6 36. f3 g5 37. Nb3 Kd6 38. a4 Kc6 39. Kd3 h5 40. Nc5 g4 41. Ke2 h4 42. Nd3 gxf3+ 43. gxf3 Nd7 44. Kd2 Kd6 45. Kc3 1/2-1/2

[Event "HUN-chT2 Toth 1415"]
[Site "Hungary"]
[Date "2014.11.30"]
[Round "5.6"]
[White "Szijarto, Csaba"]
[Black "Petro, Jozsef"]
[Result "1/2-1/2"]
[WhiteElo "2114"]
[BlackElo "2052"]
[PlyCount "42"]
[EventDate "2014.09.07"]
[EventType "team-tourn"]
[EventRounds "11"]
[EventCountry "HUN"]
[SourceTitle "EXT 2016"]
[Source "ChessBase"]
[SourceDate "2015.10.08"]
[SourceVersion "1"]
[SourceVersionDate "2015.10.08"]
[SourceQuality "1"]
[WhiteTeam "Ujszasz"]
[BlackTeam "Bekes"]
[WhiteTeamCountry "HUN"]
[BlackTeamCountry "HUN"]

1. e4 g6 2. d4 Bg7 3. Nc3 c6 4. Be3 d5 5. Qd2 h5 6. Nf3 Bg4 7. Be2 Bxf3 8. Bxf3 e6 9. 0-0-0 Nd7 10. Rhe1 Nb6 11. exd5 cxd5 12. Bg5 Bf6 13. Bxf6 Nxf6 14. Qf4 a6 15. h3 Kf8 16. g4 Kg7 17. Be2 Rc8 18. Qe5 Qc7 19. Qe3 Ne4 20. gxh5 Nxc3 21. bxc3 Qxc3 1/2-1/2

[Event "HUN-chT2 Toth 1415"]
[Site "Hungary"]
[Date "2014.10.12"]
[Round "3.6"]
[White "Egyed, Viktoria"]
[Black "Szijarto, Csaba"]
[Result "1-0"]
[WhiteElo "1851"]
[BlackElo "2114"]
[PlyCount "93"]
[EventDate "2014.09.07"]
[EventType "team-tourn"]
[EventRounds "11"]
[EventCountry "HUN"]
[SourceTitle "EXT 2016"]
[Source "ChessBase"]
[SourceDate "2015.10.08"]
[SourceVersion "1"]
[SourceVersionDate "2015.10.08"]
[SourceQuality "1"]
[WhiteTeam "Karcag"]
[BlackTeam "Ujszasz"]
[WhiteTeamCountry "HUN"]
[BlackTeamCountry "HUN"]

1. e4 Nc6 2. d4 d5 3. e5 Bf5 4. c3 f6 5. f4 Qd7 6. Bd3 0-0-0 7. Nf3 Nh6 8. b4 e6 9. 0-0 Kb8 10. Qe2 Bxd3 11. Qxd3 Nf5 12. Nbd2 fxe5 13. fxe5 g5 14. Nxg5 Rg8 15. Nxe6 Qxe6 16. Qxf5 Qh6 17. Nf3 Qg7 18. g3 Be7 19. Qe6 h5 20. Qh6 Qg4 21. Bd2 h4 22. Nxh4 Bxh4 23. Rf4 Qe2 24. Rxh4 Rdf8 25. Rf4 Re8 26. Rf2 Qc4 27. a4 a5 28. b5 Ne7 29. Qe3 Nc8 30. Qe2 Qb3 31. Be1 Nb6 32. Qa2 Qxa2 33. Raxa2 Re7 34. Rf4 Kc8 35. h4 Kd7 36. g4 Reg7 37. g5 Ke7 38. Kh2 Rh8 39. Kg3 Nc4 40. Re2 Nb6 41. Kg4 Rhg8 42. Ra2 Nc4 43. Bf2 Nb6 44. Be3 Nc4 45. Bc1 Kd7 46. Rf6 Nb6 47. h5 1-0

[Event "HUN-chT2 Toth 1314"]
[Site "Hungary"]
[Date "2014.04.08"]
[Round "9.7"]
[White "Bihari, Mihaly"]
[Black "Szijarto, Csaba"]
[Result "1-0"]
[WhiteElo "1992"]
[BlackElo "2105"]
[PlyCount "181"]
[EventDate "2013.09.08"]
[EventType "team-tourn"]
[EventRounds "11"]
[EventCountry "HUN"]
[SourceTitle "EXT 2016"]
[Source "ChessBase"]
[SourceDate "2015.10.08"]
[SourceVersion "1"]
[SourceVersionDate "2015.10.08"]
[SourceQuality "1"]
[WhiteTeam "Abony"]
[BlackTeam "Ujszasz"]
[WhiteTeamCountry "HUN"]
[BlackTeamCountry "HUN"]

1. c4 e5 2. Nc3 Nf6 3. g3 d5 4. cxd5 Nxd5 5. Bg2 Nb6 6. Nf3 Nc6 7. 0-0 Be7 8. b3 0-0 9. Bb2 Re8 10. d3 Bf8 11. Rc1 Bg4 12. h3 Bh5 13. Ne4 Nd4 14. Nxd4 exd4 15. Re1 Bb4 16. Nd2 Qg5 17. Rc2 Rad8 18. a3 Bxd2 19. Qxd2 Qxd2 20. Rxd2 c6 21. Be4 f6 22. a4 Bf7 23. a5 Nd5 24. Bxd4 Nc7 25. Be3 Nb5 26. Rb2 Bd5 27. Bxd5+ Rxd5 28. Rc1 a6 29. Kf1 Kf7 30. b4 Rh5 31. Kg2 Rhe5 32. Rc5 Rxc5 33. Bxc5 Rd8 34. Rb3 Ke6 35. e4 Rd7 36. f3 f5 37. Kf2 Nc7 38. Ke3 Ne8 39. Rb1 Nf6 40. g4 g6 41. Bd4 Ne8 42. Bc5 Nf6 43. Rc1 Rd8 44. Bb6 Rg8 45. Bd4 Rd8 46. Bb6 Rg8 47. Rg1 fxe4 48. dxe4 Rg7 49. Rd1 Rd7 50. Rxd7 Nxd7 51. Bd4 g5 52. Kf2 Nf8 53. Be3 Kf6 54. Kg3 Ne6 55. h4 h6 56. hxg5+ hxg5 57. Kf2 Kg6 58. Ke2 Kf6 59. Kd3 Kg6 60. e5 Kh6 61. Ke4 Kg6 62. Bd2 Nc7 63. Kd4 Ne6+ 64. Ke4 Nc7 65. f4 gxf4 66. Bxf4 Ne6 67. Bd2 Nd8 68. Bf4 Ne6 69. Be3 Nd8 70. Bc5 Ne6 71. Be7 Kf7 72. Bh4 Kg6 73. Bf6 Nc7 74. Be7 Ne6 75. Bh4 Nc7 76. e6 Nxe6 77. Ke5 Kf7 78. Kd6 Nf4 79. Kc7 Nd5+ 80. Kxb7 Nxb4 81. Be1 c5 82. Kb6 Ke6 83. Bd2 Kd5 84. g5 Nc6 85. Kxa6 Ne5 86. Kb5 Nf3 87. a6 Nxd2 88. a7 c4 89. a8Q+ Kd4 90. Qd8+ Kc3 91. Qxd2+ 1-0

[Event "HUN-chT2 Toth 1213"]
[Site "Hungary"]
[Date "2013.02.17"]
[Round "7.6"]
[White "Kemeny, Csaba"]
[Black "Szijarto, Csaba"]
[Result "1/2-1/2"]
[WhiteElo "2042"]
[BlackElo "2103"]
[PlyCount "96"]
[EventDate "2012.09.16"]
[EventType "team-tourn"]
[EventRounds "11"]
[EventCountry "HUN"]
[SourceTitle "EXT 2014"]
[Source "ChessBase"]
[SourceDate "2013.11.20"]
[SourceVersion "1"]
[SourceVersionDate "2013.11.20"]
[SourceQuality "1"]
[WhiteTeam "Felegyhaza Csongrad"]
[BlackTeam "Ujszasz"]
[WhiteTeamCountry "HUN"]
[BlackTeamCountry "HUN"]

1. d4 Nf6 2. f4 d5 3. Nf3 Bf5 4. e3 e6 5. Bd3 c5 6. c3 Nc6 7. 0-0 Be7 8. Qc2 Bxd3 9. Qxd3 c4 10. Qe2 Ne4 11. Nbd2 f5 12. Ne5 0-0 13. g4 Nxe5 14. fxe5 Bh4 15. Nxe4 fxe4 16. Bd2 Qg5 17. Rxf8+ Rxf8 18. Rf1 Rf3 19. Qg2 Rxf1+ 20. Kxf1 h5 21. h3 hxg4 22. Qxg4 Qxg4 23. hxg4 Kf7 24. Be1 Bd8 25. Bg3 Ke8 26. Ke2 Kd7 27. Kd2 Kc6 28. Kc2 b5 29. Be1 Kb6 30. Bg3 a5 31. a3 Be7 32. Be1 Bg5 33. Bf2 Be7 34. Be1 Kc6 35. Kd1 b4 36. a4 Kd7 37. Ke2 Ke8 38. Kf1 b3 39. Bd2 Kf7 40. Kg2 Kg6 41. Kg3 Bf8 42. Kh4 Kf7 43. Kg3 Ke8 44. Kh4 Be7+ 45. Kg3 Ba3 46. Bc1 Bf8 47. Kh4 Kf7 48. Kg3 Be7 1/2-1/2

[Event "HUN-chT2 Erkel 1011"]
[Site "Hungary"]
[Date "2011.03.27"]
[Round "7.10"]
[White "Szijarto, Csaba"]
[Black "Krizsany, Laszlo Sr"]
[Result "1-0"]
[WhiteElo "2084"]
[BlackElo "1966"]
[PlyCount "61"]
[EventDate "2010.09.12"]
[EventType "team-tourn"]
[EventRounds "11"]
[EventCountry "HUN"]
[SourceTitle "EXT 2012"]
[Source "ChessBase"]
[SourceDate "2011.11.24"]
[SourceVersion "1"]
[SourceVersionDate "2011.11.24"]
[SourceQuality "1"]
[WhiteTeam "Ujszasz"]
[BlackTeam "Budapest MTK"]
[WhiteTeamCountry "HUN"]
[BlackTeamCountry "HUN"]

1. e4 c6 2. d4 d5 3. exd5 cxd5 4. c4 e6 5. Nf3 Nc6 6. c5 Bd7 7. Bb5 a6 8. Bxc6 Bxc6 9. Ne5 Ne7 10. 0-0 Ng6 11. Nxc6 bxc6 12. Qa4 Qc8 13. Nc3 Be7 14. Be3 0-0 15. Qc2 Bd8 16. b4 Bc7 17. Rab1 e5 18. dxe5 Nxe5 19. Bd4 Qg4 20. Bxe5 Bxe5 21. Na4 Bc7 22. Rfe1 Rab8 23. Re7 Bxh2+ 24. Kf1 Rxb4 25. Rxb4 Qxb4 26. g3 Qg4 27. Kg2 Bxg3 28. fxg3 f5 29. Qe2 Qxa4 30. Qe6+ Kh8 31. Re8 1-0

[Event "HUN-chT2 Erkel 1011"]
[Site "Hungary"]
[Date "2010.11.21"]
[Round "6.9"]
[White "Szijarto, Csaba"]
[Black "Sarvari, Robert"]
[Result "1/2-1/2"]
[WhiteElo "2084"]
[BlackElo "2080"]
[PlyCount "54"]
[EventDate "2010.09.12"]
[EventType "team-tourn"]
[EventRounds "11"]
[EventCountry "HUN"]
[SourceTitle "EXT 2012"]
[Source "ChessBase"]
[SourceDate "2011.11.24"]
[SourceVersion "1"]
[SourceVersionDate "2011.11.24"]
[SourceQuality "1"]
[WhiteTeam "Ujszasz"]
[BlackTeam "Jaszbereny"]
[WhiteTeamCountry "HUN"]
[BlackTeamCountry "HUN"]

1. e4 e5 2. Nf3 Nc6 3. d4 exd4 4. Bc4 d6 5. Nxd4 Nf6 6. Nc3 Nxd4 7. Qxd4 Be7 8. 0-0 0-0 9. Bg5 c6 10. Rad1 d5 11. exd5 cxd5 12. Nxd5 Nxd5 13. Bxe7 Qxe7 14. Qxd5 Qf6 15. c3 Qb6 16. Qb5 Qxb5 17. Bxb5 a6 18. Bd7 Rd8 19. Bxc8 Raxc8 20. Rxd8+ Rxd8 21. Re1 Kf8 22. Kf1 Rd2 23. Re2 Rd1+ 24. Re1 Rd2 25. Re2 Rd1+ 26. Re1 Rd2 27. Re2 Rd1+ 1/2-1/2